Online Catalogue and eLibrary

Determinants of Late Development: (Record no. 1218)

MARC details
000 -LEADER
fixed length control field 00605nam a2200205Ia 4500
005 - DATE AND TIME OF LATEST TRANSACTION
control field 20250324021113.0
008 - FIXED-LENGTH DATA ELEMENTS--GENERAL INFORMATION
fixed length control field 240331s9999 xx 000 0 und d
020 ## - INTERNATIONAL STANDARD BOOK NUMBER
ISBN 08030030
082 ## - DDC Classification
Class No. 303.4
Item Number - Author Mark PAM
DDC Edition Number 3153
100 ## - MAIN ENTRY--PERSONAL NAME
Personal name Pamir, M
245 #0 - TITLE STATEMENT
Title Determinants of Late Development:
Remainder of title A Study of Turkey's Late Industrialisation Attempt until 1946
260 ## - PUBLICATION, DISTRIBUTION, ETC.
Place of publication, distribution, etc. Fantoft-Bergen,
Name of publisher, distributor, etc. Chr. Michelson Institute
Date of publication, distribution, etc. 1993
300 ## - PHYSICAL DESCRIPTION
Extent (e.g. Volumes, Pages etc.) xii, 158 p.,
650 ## - SUBJECT ADDED ENTRY--TOPICAL TERM
Topical term or geographic name entry element Turkey
650 ## - SUBJECT ADDED ENTRY--TOPICAL TERM
Topical term or geographic name entry element Industrialization
650 ## - SUBJECT ADDED ENTRY--TOPICAL TERM
Topical term or geographic name entry element Development Theory
650 ## - SUBJECT ADDED ENTRY--TOPICAL TERM
Topical term or geographic name entry element Social History
650 ## - SUBJECT ADDED ENTRY--TOPICAL TERM
Topical term or geographic name entry element Political Development
942 ## - Koha item type (Biblio)
Koha item type Books in Stacks (Lending)
Holdings
Lost status Damaged status Collection code Home library Current library Shelving location Date acquired Full call number Accession Number Item type
    Lending WERC Library WERC Library Social Science Cupboard 03/31/2024 303.4 PAM 3153 Books in Stacks (Lending)

© WERC Library